The highly effective teacher : (Record no. 354962)
[ view plain ]
| 000 -LEADER | |
|---|---|
| fixed length control field | 00350nam a2200109Ia 4500 |
| 008 - FIXED-LENGTH DATA ELEMENTS--GENERAL INFORMATION | |
| fixed length control field | 180205s9999 xx 000 0 und d |
| 020 ## - INTERNATIONAL STANDARD BOOK NUMBER | |
| International Standard Book Number | 9781416621683 |
| 100 ## - MAIN ENTRY--PERSONAL NAME | |
| Personal name | Marshall, Jeff C. |
| 245 #4 - TITLE STATEMENT | |
| Title | The highly effective teacher : |
| Remainder of title | 7classroom-tested practices that foster student success |
| 260 ## - PUBLICATION, DISTRIBUTION, ETC. (IMPRINT) | |
| Place of publication, distribution, etc | Usa : |
| Name of publisher, distributor, etc | ASCD publication |
| Date of publication, distribution, etc | 2016 |
| 300 ## - PHYSICAL DESCRIPTION | |
| Extent | 129 pages |
| Withdrawn status | Lost status | Damaged status | Home library | Current library | Shelving location | Date acquired | Source of acquisition | Total Checkouts | Full call number | Barcode | Date last seen | Price effective from | Koha item type | Public note |
|---|---|---|---|---|---|---|---|---|---|---|---|---|---|---|
| College Library | College Library | Reserve Section | 02/05/2018 | Library Fund | LB 1025.3 .M367 2016 | c21189 | 05/15/2018 | 02/05/2018 | Books | Reprograph copy - Location : Technical Area |